Statistics for Harry Potter Last Names

Click here to take the quiz!

General Stats

  • This quiz has been taken 812,838 times
    (657,472 since last reset)
  • The average score is 19 of 24

Answer Stats

FirstLast% Correct
HarryPotter
100%
RonWeasley
98%
HermioneGranger
97%
SeverusSnape
97%
AlbusDumbledore
96%
DracoMalfoy
96%
SiriusBlack
93%
NevilleLongbottom
89%
LunaLovegood
87%
BellatrixLestrange
86%
CedricDiggory
79%
ViktorKrum
79%
DoloresUmbridge
79%
ChoChang
78%
RemusLupin
77%
RubeusHagrid
75%
MinervaMcGonagall
75%
GilderoyLockhart
73%
DudleyDursley
68%
AlastorMoody
68%
RitaSkeeter
65%
HelgaHufflepuff
62%
SybillTrelawney
55%
FiliusFlitwick
45%

Score Distribution

Percentile by Number Answered

Percent of People with Each Score

Your Score History

You have not taken this quiz since the last reset